Sindicalismo sin organización. (Registro nro. 167)

Detalles MARC
000 -LEADER
campo de control de longitud fija 00864nam a22002057a 4500
001 - NÚMERO DE CONTROL
campo de control EIF-IV-1999-M3-011
003 - IDENTIFICADOR DE NÚMERO DE CONTROL
campo de control OSt
005 - FECHA Y HORA DE LA ÚLTIMA TRANSACCIÓN
campo de control 20221108134816.0
008 - DATOS DE LONGITUD FIJA--INFORMACIÓN GENERAL
campo de control de longitud fija 221108b |||||||| |||| 00| 0 eng d
040 ## - FUENTE DE CATALOGACIÓN
Centro catalogador/agencia de origen Fundación Jesús Pereda
Centro/agencia transcriptor Fundación Jesús Pereda
041 ## - CÓDIGO DE IDIOMA
Código de lengua del texto/banda sonora o título independiente Castellano
100 ## - ENTRADA PRINCIPAL--NOMBRE DE PERSONA
Nombre de persona Ibarz Gelabert, Jordi
9 (RLIN) 125
111 ## - ENTRADA PRINCIPAL--NOMBRE DE CONGRESO/REUNIÓN
Nombre de congreso/reunión o jurisdicción como elemento de entrada Encuentro de Investigadores del Franquismo
Sede del congreso/Lugar de la reunión (Valencia.
Fecha del congreso o de la firma del tratado 1999.
Número del congreso/reunión o número de parte o sección 4º)
9 (RLIN) 96
245 ## - MENCIÓN DEL TÍTULO
Título Sindicalismo sin organización.
Resto del título La reconstrucción de la acción obrera de los estibadores de Barcelona en los años 50
Mención de responsabilidad, etc. /Jordi Ibarz Gelabert
650 #0 - PUNTO DE ACCESO ADICIONAL DE MATERIA--TÉRMINO DE MATERIA
9 (RLIN) 122
Término de materia o nombre geográfico como elemento de entrada Clase obrera
651 #0 - PUNTO DE ACCESO ADICIONAL DE MATERIA--NOMBRE GEOGRÁFICO
9 (RLIN) 129
Nombre geográfico Cataluña
Subdivisión geográfica Barcelona
773 ## - ASIENTO DE ITEM FUENTE
Título <a href="Actas del IV Encuentro de Investigadores del Franquismo">Actas del IV Encuentro de Investigadores del Franquismo</a>
Parte(s) relacionada(s) 352-356 p.
856 ## - LOCALIZACIÓN Y ACCESO ELECTRÓNICOS
Identificador Uniforme de Recursos <a href="https://bibliotecaccoocyl.fundacionjesuspereda.es/cgi-bin/koha/opac-retrieve-file.pl?id=9121b974b263475cd7025132b0e00efd">https://bibliotecaccoocyl.fundacionjesuspereda.es/cgi-bin/koha/opac-retrieve-file.pl?id=9121b974b263475cd7025132b0e00efd</a>
942 ## - ELEMENTOS DE ENTRADA SECUNDARIOS (KOHA)
Fuente del sistema de clasificación o colocación Clasificación Decimal Dewey
Tipo de ítem Koha Archivo de computadora
Suprimir en OPAC No

No hay ítems disponibles.

Página web subvencionada totalmente por la Consejería de Cultura y Turismo de la Junta de Castilla y León

Con tecnología Koha